Derecho penal de principios Los principios penales fundamentales / Volumen II

Bibliographic Details
Main Author: Montoya Vivanco, Yvan
Format: eBook
Language:Spanish
Published: Lima: Palestra Editores, 2020
Subjects:
Online Access:Acceso restringido

MARC

LEADER 00000nam a22000007a 4500
005 20220822233444.0
007 cr|||| ||||
008 220822s2020 pe |||||s|||| 00||0 spa d
020 |a 9786123251642 
035 |a 36924 
040 |a vLex 
090 |c 13780  |d 13780 
100 1 |a Montoya Vivanco, Yvan 
245 1 0 |a  Derecho penal de principios  |h [Recurso electrn̤ico] :  |b Los principios penales fundamentales /  |c Yvan Montoya Vivanco  |n Volumen II 
256 |a Servicio en ln̕ea 
260 |a Lima:  |b Palestra Editores,  |c 2020 
300 |a 1 recurso electrn̤ico 
500 |a El segundo volumen, de Derecho Penal de Principios, dedicado a los principios penales fundamentales, constituye una reflexin̤ incisiva y prc̀tica sobre tres principios fundamentales del Derecho Penal: legalidad, proporcionalidad y culpabilidad. El profesor Montoya parte por preguntarse qu ̌es un principio fundamental, y aqu ̕acoge la concepcin̤ alexyana del principio como mandato de optimizacin̤, por otro lado, “en tanto mandatos o prohibiciones con textura ms̀ abierta y orientada a fines (ethos), contienen una dimensin̤ moral”. Y es que, “en una concepcin̤ pospositivista del derecho, no es posible aceptar la tesis de una separacin̤ entre derecho y moral. Al contrario, reconocemos una relacin̤ necesaria entre derecho y moral”. Dialoga al respecto y se opone en este este punto al constitucionalismo garantista de Ferrajoli. La pulcritud en la exposicin̤ de las tesis del gran fils̤ofo del Derecho italiano no le impide nuevas controversias con sus postulados, como el temor al poder discrecional del juez a partir del razonamiento ponderativo; temor que no reparara̕ suficientemente en la “estructura muy bien determinada” que procura el principio de proporcionalidad. Este nivel de abstraccin̤ necesario, se combina con discusiones prc̀ticas de gran actualidad, sobre la legitimacin̤ de la eutanasia pasiva, el caso Montesinos y la plausabilidad del concepto de funcionario de facto, la criminalizacin̤ de las relaciones sexuales consentidas con adolescentes mayores de catorce aǫs, la adecuacin̤ al principio de culpabilidad de los delitos calificados por el resultado o de la autora̕ mediata por dominio de organizacin̤, la constitucionalidad de la agravacin̤ por reincidencia o, la aceptabilidad de la responsabilidad penal de las personas jurd̕icas. 
506 1 |a Disponible solo en los productos indicados  |d vLex Global  |d vLex Global (Academic Edition, excluding Law Schools)  |d vLex Global (U.S. Academic Edition, Law Schools)  |d vLex Global (U.S. Academic Edition, excluding Law Schools)  |d vLex Global (Academic Edition, Law Schools) 
650 0 4 |a Derecho Penal  |z Per︢ 
650 0 4 |a Procedimiento Penal  |z Per︢ 
740 0 |a vLex Libros (Servicio en ln̕ea) 
856 4 0 |u https://app.vlex.com/#/sources/36924  |z Acceso restringido 
942 |c BOOK 
999 0 |a Criminal Law 
999 0 |a Criminal Procedure